Ч. 2: Науки о Земле и космические исследования; Треки заряженных частиц в твердых телах. Принципы и приложения

Bibliographische Detailangaben
Parent link:Треки заряженных частиц в твердых телах. Принципы и приложения: в 3 ч./ Р. Флейшер, Б. Прайс, Р. Уокер. Ч. 2: Науки о Земле и космические исследования.— , 1981
Sprache:Russisch
Veröffentlicht: 1981
Schlagworte:
Format: MixedMaterials Buch
KOHA link:https://koha.lib.tpu.ru/cgi-bin/koha/opac-detail.pl?biblionumber=260314

MARC

LEADER 00000nam2a2200000 4500
001 260314
005 20231101233452.0
035 |a (RuTPU)RU\TPU\book\283262 
035 |a RU\TPU\book\283261 
090 |a 260314 
100 |a 20140515d1981 k y0rusy50 ca 
101 1 |a rus  |c eng 
102 |a RU 
105 |a a z 001zy 
200 0 |a Ч. 2: Науки о Земле и космические исследования 
210 |d 1981 
215 |a 264 с.  |c ил. 
320 |a Библиография в конце глав. 
320 |a Алфавитно-предметный указатель: с. 253-261. 
461 1 |0 (RuTPU)RU\TPU\book\293625  |t Треки заряженных частиц в твердых телах. Принципы и приложения  |o в 3 ч.  |o пер. с англ.  |f Р. Флейшер, Б. Прайс, Р. Уокер  |v Ч. 2: Науки о Земле и космические исследования  |d 1981 
606 1 |a Заряженные частицы  |x Взаимодействие с твердыми телами  |2 stltpush  |3 (RuTPU)RU\TPU\subj\39601  |9 59589 
610 1 |a треки 
610 1 |a деление 
610 1 |a датирование 
610 1 |a геохронология 
610 1 |a геофизика 
610 1 |a археология 
610 1 |a термические события 
610 1 |a высокие энергии 
610 1 |a космос 
610 1 |a космическое излучение 
610 1 |a Солнечная система 
610 1 |a солнечный ветер 
610 1 |a древние частицы 
610 1 |a исследование 
675 |a 539.2:539.1  |v 3 
801 1 |a RU  |b 63413507  |c 20140515 
801 2 |a RU  |b 63413507  |c 20151128  |g RCR 
942 |c BK